| 000 | 00935 a2200217 4500 | ||
|---|---|---|---|
| 003 | Nust | ||
| 005 | 20221116113228.0 | ||
| 010 | _a 94045993 | ||
| 020 | _a0818668474 (paper) | ||
| 040 | _cNust | ||
| 082 | 0 | 0 | _a621.367,DAS |
| 245 | 0 | 0 |
_aImage data compression : _bblock truncation coding (BTC) techniques / _c[compiled by] Belur V. Dasarathy. |
| 260 |
_aLos Alamitos, Calif. : _bIEEE Computer Society Press, _c1995. |
||
| 300 | _a284p | ||
| 505 | _aData Compression (Page-1), Chronological Critique (Page-55), Illustrative Insights (Page-101), Core Contributions (Page-127), Appreciable Advances (Page-145), Innovative Implementations (Page-185), Harmonious Hybrids (Page-237), Desirable Developments (Page-281). | ||
| 650 | 0 |
_aCoding theory. _93106 |
|
| 650 | 0 |
_aImage compression _xData processing. _9102664 |
|
| 650 | 0 |
_aImage processing _xDigital techniques. _9673 |
|
| 700 | 1 |
_aDasarathy, Belur V. _996544 |
|
| 942 |
_2ddc _cBK |
||
| 999 |
_c180969 _d180969 |
||